Catalog

Record Details

Catalog Search



Available copies

  • 1 of 1 copy available at LARL/NWRL Consortium.
  • 1 of 1 copy available at Northwest Regional Library. (Show preferred library)

Current holds

0 current holds with 1 total copy.

Show Only Available Copies
Location Call Number / Copy Notes Barcode Shelving Location Status Due Date
Warroad Public Library SAC (Text) 35500006441149 Main Available -

Record details

  • ISBN: 9780063011472
  • ISBN: 0063011476
  • Physical Description: x, 384 pages ; 24 cm
  • Edition: First edition.
  • Publisher: New York, NY : Harper, an imprint of HarperCollinsPublishers, [2021]

Content descriptions

Summary, etc.:
A college student in illegal territory, a ... Read More
Subject: Women journalists > Fiction.
Jews > West Bank > Fiction.
Palestinian Arabs > Fiction.
Land settlement > West Bank > Fiction.
West Bank > Fiction.
Arab-Israeli conflict > Fiction.
LDR 01369cam a2200361 i 4500
001359939
003LARL_NWRL_CONSORTIUM
00520210217180537.0
008210119t20212021nyu e 000 1 eng d
020 . ‡a9780063011472 ‡q(hardcover)
020 . ‡a0063011476 ‡q(hardcover)
035 . ‡a(OCoLC)1232008669
040 . ‡aNjBwBT ‡beng ‡erda ‡cJPL ‡dJPL ‡dOCLCO ‡dOCLCQ ‡dTCH ‡dGL4 ‡dIH9 ‡dGZD
043 . ‡aawba---
08204. ‡a813/.6 ‡223
1001 . ‡aSacks, Rebecca, ‡eauthor.
24510. ‡aCity of a thousand gates / ‡cRebecca Sacks.
2463 . ‡aCity of 1000 gates
250 . ‡aFirst edition.
264 1. ‡aNew York, NY : ‡bHarper, an imprint of HarperCollinsPublishers, ‡c[2021]
264 4. ‡c℗♭2021
300 . ‡ax, 384 pages ; ‡c24 cm
336 . ‡atext ‡btxt ‡2rdacontent
337 . ‡aunmediated ‡bn ‡2rdamedia
338 . ‡avolume ‡bnc ‡2rdacarrier
520 . ‡aA college student in illegal territory, a journalist covering regional violence, a new father, and a teen soldier struggle to survive in the contemporary West Bank against a backdrop of ongoing Israeli-Palestinian conflicts.
650 0. ‡aWomen journalists ‡vFiction. ‡0(LARL_NWRL_CONSORTIUM)167907
650 0. ‡aJews ‡zWest Bank ‡vFiction.
650 0. ‡aPalestinian Arabs ‡vFiction. ‡0(LARL_NWRL_CONSORTIUM)173912
650 0. ‡aLand settlement ‡zWest Bank ‡vFiction.
651 0. ‡aWest Bank ‡vFiction.
650 0. ‡aArab-Israeli conflict ‡vFiction. ‡0(LARL_NWRL_CONSORTIUM)170690
901 . ‡a359939 ‡b ‡c359939 ‡tbiblio

Additional Resources